| 000 | 00689cam a2200217 4500 | ||
|---|---|---|---|
| 001 | B553 | ||
| 008 | 090401t1986 xxu||||| |||| 00| 0 eng d | ||
| 035 | _a(Sirsi) u36481 | ||
| 041 | _aeng | ||
| 050 | _a333.0023 | ||
| 110 |
_aConsensus Research Limited _92737 |
||
| 245 | _aReport on the role of the RICS in careers advice and recruitment | ||
| 260 |
_aLondon _bConsensus Research Limited _c1986 |
||
| 300 | _a66,(26)p. ; 30cm. | ||
| 350 | _a6.5 | ||
| 520 | _aCommissioned on behalf of the Royal Institution of Chartered Surveyors by McAvoy Wreford Bayley of Valin Pollen Ltd. | ||
| 650 | _aABOUT RICS-RICS MEMBERS | ||
| 650 | _aPUBLIC IMAGE | ||
| 942 | _n0 | ||
| 948 | _c04/03/1997 | ||
| 999 |
_c90295 _d90295 |
||